| 000 | 00987 a2200157 4500 | ||
|---|---|---|---|
| 003 | NUST | ||
| 005 | 20230202114828.0 | ||
| 040 | _cNust | ||
| 082 | _a954.025,AUR | ||
| 100 |
_aS. R. Bakshi _9108456 |
||
| 245 |
_aAurangzeb / _cEdited by S.R Bakshi , S.K Sharma |
||
| 260 |
_aNew Delhi _bDeep Deep publication ltd _c2000 |
||
| 300 | _a424 pages. | ||
| 505 | _aAurangzeb (page-1), Aurangzeb Alamgir (1685-1707) (Page-100), Governorship of Multan and Sind 1648-1652 (Page-142), The Sabah of Allahabad Under Aurangzeb (Page-149), Viceroyalty of the Deccan (Page-169), The Raj put Policy of Aurangzeb (Page-182), Mughal Conquest of Trichinopology (Page-193), Two Farman’s of Aurangzeb (Page-206), Political Views of Emperor (Page-218), Legends from the Punjab (Page-255), The Sword of Aurangzeb (Page-261), Revenue System (Page-289), Agriculture and Industry (Page-331), Trade (Page-353), Position of Woman (Page-401), By the Grave of Aurangzeb (Page-414). | ||
| 942 |
_2ddc _cBK _k954.025,AUR |
||
| 999 |
_c194000 _d194000 |
||